LEADER 01311nam0 22003011i 450 001 RML0265010 005 20231121125721.0 010 $a0226316203 100 $a20121121d1988 ||||0itac50 ba 101 | $aeng 102 $aus 181 1$6z01$ai $bxxxe 182 1$6z01$an 200 1 $aMorality within the limits of reason$fRussell Hardin 210 $aChicago [etc.] $cUniversity of Chicago press $dİ1988 215 $aXX, 234 p.$d23 cm 300 $aInclude riferimenti bibliografici e indice 606 $aEconomia Politica sociale$2FIR$3RMLC405192$9I 676 $a330.1$9Economia. Sistemi, scuole, teorie$v21 700 1$aHardin$b, Russell$3RMLV170083$0265669 801 3$aIT$bIT-01$c20121121 850 $aIT-FR0098 899 $aBiblioteca Area Giuridico Economica$bFR0098 912 $aRML0265010 950 0$aBiblioteca Area Giuridico Economica$d 53TER 330.126/9 bis$e 53VM 0000353465 VM barcode:ECO013476. - Inventario:6092. - Fondo:Sala consultazioneVM$fA $h20040127$i20121204$d 53TER 330.126/9$e 53VM 0000353455 VM barcode:ECO013222. - Inventario:5886. - Fondo:Sala consultazioneVM$fA $h20030926$i20121204 977 $a 53 996 $aMorality within the limits of reason$93624469 997 $aUNICAS